| 000 | 00649nam a2200193 a 4500 | ||
|---|---|---|---|
| 001 | 000024423 | ||
| 005 | 20200930023152.0 | ||
| 008 | 110127s1978 pr r 000 0 spa d | ||
| 020 | _a0847727393 | ||
| 040 |
_aDO-SdBNP _bspa _cBNPHU |
||
| 082 |
_ann* _bnn* |
||
| 100 | 1 |
_aGuevara, Carlos I. _950060 |
|
| 245 | 1 | 3 |
_aLa madre y el aprendizaje del niño : _bla experiencia urbana puertorriqueña / _cCarlos I. Guevara y Myrna J. Sesman.. |
| 260 |
_aPuerto Rico : _bUniversitaria. Universidad de Puerto Rico, _c1978. |
||
| 300 |
_a149, [1] p. ; _c23 cm. |
||
| 504 | _aBibliografía : 147-[150] p. | ||
| 700 | 1 |
_aSesman, Myrna J. _950061 |
|
| 049 | _aBNGR | ||
| 999 |
_c23916 _d23916 |
||